Fiscal Policy under Alternative Fiscal Discipline Regimes in a Currency Union
Posúdenie dôsledkov stupňa fiškálnej disciplíny na účinnosť fiškálnej politiky v menovej únii.
Salvato in:
| Autore principale: | |
|---|---|
| Natura: | Capitolo di libro |
| Lingua: | inglese |
| Soggetti: | |
| Tags: |
Nessun Tag, puoi essere il primo ad aggiungerne!!
|
MARC
| LEADER | 00000naa a2200000 4500 | ||
|---|---|---|---|
| 001 | 0241116 | ||
| 005 | 20221104111319.7 | ||
| 041 | 0 | |a eng | |
| 044 | |a SK | ||
| 245 | 1 | 0 | |a Fiscal Policy under Alternative Fiscal Discipline Regimes in a Currency Union |c Irem Zeyneloglu |
| 520 | |a Posúdenie dôsledkov stupňa fiškálnej disciplíny na účinnosť fiškálnej politiky v menovej únii. | ||
| 610 | 2 | 0 | |a politika fiškálna |
| 610 | 2 | 0 | |a disciplína finančná |
| 610 | 2 | 0 | |a Európska menová únia |
| 100 | 1 | |a Zeyneloglu, Irem | |